Campeões do Campeonato Carioca de Futebol - Statistics

Estatísticas Gerais
  • Esse quiz foi jogado 338 vezes
  • A pontuação média é 6 de 8
Estatísticas das Respostas
N° de títulos Time % Correto
21 Botafogo
100%
37 Flamengo
100%
32 Fluminense
100%
24 Vasco da Gama
100%
2 Bangu
86%
7 America
79%
1 São Cristóvão
36%
1 Paissandu
30%
Nenhum quiz correspondente encontrado
Distribuição das Pontuações
Porcentagem de Pessoas com Cada Pontuação
Percentil de Números Respondidos
Sua Pontuação Histórica
Você não jogou esse quiz